| 000 | 00339nam a22001457a 4500 | ||
|---|---|---|---|
| 003 | SGT | ||
| 082 |
_a612 _bA16K |
||
| 100 | _aKUMAR,N.K | ||
| 245 | _aANATOMY, PHYSIOLOGY AND HEALTH EDUCATION | ||
| 260 |
_aDELHI _bAITBS PUB _c2016 |
||
| 300 | _a516 | ||
| 650 | _aANATOMY AND PHYSIOLOGY | ||
| 653 | _aANATOMY, PHYSIOLOGY | ||
| 942 |
_2ddc _cBK _02 |
||
| 999 |
_c8351 _d8351 |
||